Statistics for Guess the Countries by Unknown Category #2

Click here to take the quiz!

General Stats

  • This quiz has been taken 698 times
  • The average score is 16 of 21

Answer Stats

Length (km) Country % Correct
19,924United States
98%
14,500China
93%
202,080Canada
92%
37,653Russia
92%
12,429United Kingdom
87%
7,491Brazil
87%
7,000India
87%
25,760Australia
86%
29,751Japan
86%
9,330Mexico
83%
54,716Indonesia
79%
25,148Norway
72%
7,600Italy
72%
15,134New Zealand
71%
6,435Chile
70%
36,289Philippines
63%
13,676Greece
60%
7,200Turkey
59%
7,314Denmark
57%
CATEGORY:Coastline Length
38%
6,268Croatia
33%

Score Distribution

Percentile by Number Answered

Percent of People with Each Score

Your Score History

You have not taken this quiz